Empirická analýza podpory výskumu a vývoja zo štrukturálnych fondov

Výskum a vývoj patrí medzi kľúčové faktory ovplyvňujúce ekonomický rast krajín či regiónov. Aj preto je výrazne podporovaný rôznymi opatreniami zo strany verejného sektora. Na Slovensku bola veľká časť tejto podpory v programovacom období 2007 – 2013 realizovaná prostredníctvom kohéznej politiky v r...

Descripción completa

Guardado en:
Detalles Bibliográficos
Autor principal: Chomová, Katarína
Otros Autores: Némethová, Valéria, 1987-, Šipikal, Miroslav, 1976-
Formato: Capítulo de libro
Lenguaje:eslovaco
Materias:
Etiquetas: Agregar Etiqueta
Sin Etiquetas, Sea el primero en etiquetar este registro!

MARC

LEADER 00000naa a2200000 4500
001 0241099
005 20240502073925.6
041 0 |a slo 
044 |a SK 
245 1 0 |a Empirická analýza podpory výskumu a vývoja zo štrukturálnych fondov  |c Katarína Chomová, Valéria Némethová, Miroslav Šipikal 
520 |a Výskum a vývoj patrí medzi kľúčové faktory ovplyvňujúce ekonomický rast krajín či regiónov. Aj preto je výrazne podporovaný rôznymi opatreniami zo strany verejného sektora. Na Slovensku bola veľká časť tejto podpory v programovacom období 2007 – 2013 realizovaná prostredníctvom kohéznej politiky v rámci operačného programu Výskum a Vývoj. Analýza podpory výskumu a vývoja z týchto zdrojov s cieľom identifikovať, ako boli dané zdroje využité v rôznych sektoroch či regiónoch. 
610 2 0 |a analýza empirická 
610 2 0 |a podpora vedy a výskumu 
610 2 0 |a fondy Európskej únie 
610 2 0 |a fondy štruktúrne 
100 1 |a Chomová, Katarína 
700 1 |a Némethová, Valéria, 1987- 
700 1 |a Šipikal, Miroslav, 1976-